00940agaaa2200241 45000010005000000030009000050050017000140070009000310080040000400400023000800410013001031000048001161300032001642450129001962500022003252600085003473000034004325200068004665380016005345460013005506500075005637000060006388781IT-RoPAU20220918181310.0d cvaizq50131s9999||||xx ||| | || ||und|| aIT-RoPAUcIT-RoPAU aITALIANO aVezzani LorenzogCodice regista SPICS: 1405 aMONTAGGIO PUBBLICITA' TV 84 aMONTAGGIO PUBBLICITA' TV 84cDiretto da: Vezzani LorenzopMONTAGGIO PUBBLICITA' TV 84 (Rif. Codice opera principale : C8781) aEdizione Standard aROMA (ITALIA)bSPICS RECORDS / c"1995 (1° ed.: 1995 ; Ed. Lingua Orig.: 1995)" aVHSbsonoro, col.c135 minuti aSPOT PUBBLICITARI ITALIANI E INTERNAZIONALI ANCHE DA SATELLITE. aPAL, STEREO aITALIANO aSPOT-TVeTV-PROGRAMMI DI PUBBLICITA' [VHS]xCodice MATERIA SPICS: 9968 aVezzani Lorenzo e(regista)gCodice regista SPICS: 1405